| 000 | 00000nam 2200000za 4500 |
| 001 | 9.838061 |
| 003 | CaOODSP |
| 005 | 20250303093000 |
| 007 | cr ||||||||||| |
| 008 | 170609s2017 quc o f000 0 eng d |
| 040 | |aCaOODSP|beng |
| 043 | |an-cn--- |
| 086 | 1 |aP29-003-517-2017E-PDF |
| 245 | 00|aDiesel fuel |h[electronic resource]. |
| 250 | |a[June 2017 edition]. |
| 260 | |aGatineau : |bCanadian General Standards Board : |bStandards Council of Canada, |c2017. |
| 300 | |ai, 18 p. |
| 490 | 1 |aNational standard of Canada ; |vno. 3.517-2017 |
| 500 | |a"June 2017." |
| 500 | |a"Experience and excellence"--Cover. |
| 500 | |aSupersedes CAN/CGSB-3.517-2015. |
| 500 | |aIssued also in French under title: Carburant diesel. |
| 520 | |a"This standard applies to two types of diesel fuel, Type A and Type B, suitable for use in high-speed diesel engine powered equipment for on-road and off-road applications and in select equipment powered by medium speed diesel engines"--Scope. |
| 692 | 07|2gccst|aDiesel fuel |
| 692 | 07|2gccst|aStandards |
| 710 | 2 |aStandards Council of Canada. |
| 710 | 2 |aCanadian General Standards Board. |
| 775 | 08|tCarburant diesel |w(CaOODSP)9.838062 |
| 794 | |tDiesel fuel.|b[February 2020 edition]|w(CaOODSP)9.884942 |
| 795 | |tDiesel fuel |b[May 2015 edition]|w(CaOODSP)9.838067 |
| 830 | #0|aNational standard of Canada ;|vno. 3.517-2017.|w(CaOODSP)9.507848 |
| 856 | 40|qPDF|s645 KB|uhttps://publications.gc.ca/collections/collection_2017/ongc-cgsb/P29-003-517-2017-eng.pdf |
| 986 | |aICS 75.160.20 |